MARC

Tag First Indicator Second Indicator Subfields
LEADER 00000cam a2200000 a 4500
001 in00000015989
005 20231130194600.0
008 880105s1987 enkb b 001 0 eng
010 |a  88100348  
015 |a GB8620860  |2 bnb 
015 |a b8620860 
019 |a 14128933  |a 15352640  |a 877208641  |a 1167061476 
020 |a 0333191587  |q (pbk.) 
020 |a 9780333191583  |q (pbk.) 
029 1 |a AU@  |b 000004686025 
029 1 |a GBVCP  |b 018713629 
029 1 |a HR0  |b 0333191587 
029 1 |a NZ1  |b 13975353 
029 1 |a NZ1  |b 3164437 
029 1 |a UKBCI  |b 042347645 
029 1 |a UKBNS  |b 042347645 
029 1 |a UKDEL  |b 042347645 
029 1 |a UKSCO  |b 042347645 
029 1 |a UKSGC  |b 042347645 
029 1 |a UKSOM  |b 042347645 
029 1 |a UNITY  |b 042347645 
035 |a (OCoLC)ocm18165004  
035 |a (OCoLC)18165004  |z (OCoLC)14128933  |z (OCoLC)15352640  |z (OCoLC)877208641  |z (OCoLC)1167061476 
035 |a (OCoLC)ocm18165004  
040 |a DLC  |b eng  |c DLC  |d UKM  |d NLGGC  |d BTCTA  |d LVB  |d BAKER  |d YDXCP  |d ZWZ  |d GBVCP  |d OCLCO  |d OCLCF  |d NLE  |d OCLCO  |d OCLCQ  |d UEJ  |d QE2  |d OCLCQ  |d UKBTH  |d UKKRC  |d LUN  |d JABUK  |d OCLCQ  |d OCLCO  |d AUM 
043 |a e-uk-en 
045 |a t0v0 
050 1 4 |a HD1923 
080 0 |a BWSCS 
082 0 0 |a 338.1/0942  |2 19 
084 |a 15.70  |2 bcl 
084 |a DM71  |2 ndlc 
100 1 |a Thirsk, Joan. 
245 1 0 |a Agricultural regions and agrarian history in England, 1500-1750 /  |c prepared for the Economic History Society by Joan Thirsk. 
260 |a Houndmills, Basingstoke, Hampshire :  |b Macmillan Education ;  |a Atlantic Highlands, N.J. :  |b Distributed in the U.S.A. and Canada by Humanities Press,  |c 1987. 
300 |a 77 pages :  |b maps ;  |c 22 cm 
336 |a text  |b txt  |2 rdacontent 
337 |a unmediated  |b n  |2 rdamedia 
338 |a volume  |b nc  |2 rdacarrier 
490 1 |a Studies in economic and social history 
500 |a Distributor from label on title page. 
504 |a Includes bibliographical references (pages 66-74) and index. 
650 0 |a Agriculture  |x Economic aspects  |z England  |x History. 
650 0 |a Land use, Rural  |z England  |x History. 
651 0 |a England  |x Rural conditions. 
650 6 |a Agriculture  |x Aspect économique  |z Angleterre  |x Histoire. 
650 6 |a Utilisation agricole du sol  |z Angleterre  |x Histoire. 
651 6 |a Angleterre  |x Conditions rurales. 
650 7 |a Agriculture  |x Economic aspects.  |2 fast  |0 (OCoLC)fst00801415 
650 7 |a Land use, Rural.  |2 fast  |0 (OCoLC)fst00991587 
650 7 |a Rural conditions.  |2 fast  |0 (OCoLC)fst01101474 
651 7 |a England.  |2 fast  |0 (OCoLC)fst01219920 
650 1 7 |a Landbouw.  |2 gtt 
650 7 |a Agriculture  |z Grande-Bretagne  |x Histoire.  |2 ram 
650 7 |a Sol, utilisation agricole  |z Grande-Bretagne  |x Histoire.  |2 ram 
651 7 |a Grande-Bretagne  |x Conditions rurales  |y 16e siècle.  |2 ram 
651 7 |a Grande-Bretagne  |x Conditions rurales  |y 17e siècle.  |2 ram 
651 7 |a Grande-Bretagne  |x Conditions rurales  |y 18e siècle.  |2 ram 
650 7 |a Agrargeschichte  |0 (DE-601)09134591X  |0 (DE-STW)13444-6  |2 stw 
650 7 |a Großbritannien  |0 (DE-601)091364442  |0 (DE-STW)17374-2  |2 stw 
648 7 |a 1500-1750  |2 stw 
653 |a England  |a Agricultural industries  |a Regional variations, 1500-1750 
655 7 |a History.  |2 fast  |0 (OCoLC)fst01411628 
776 0 8 |i Online version:  |a Thirsk, Joan.  |t Agricultural regions and agrarian history in England, 1500-1750.  |d Houndmills, Basingstoke, Hampshire : Macmillan Education ; Atlantic Highlands, N.J. : Distributed in the U.S.A. and Canada by Humanities Press, 1987  |w (OCoLC)646926755 
830 0 |a Studies in economic and social history. 
938 |a Baker & Taylor  |b BKTY  |c 9.95  |d 14.90  |i 0333191587  |n 0001137771  |s active 
938 |a Baker and Taylor  |b BTCP  |n 88100348 
938 |a YBP Library Services  |b YANK  |n 296419 
948 |h HELD BY TXA - 245 OTHER HOLDINGS 
994 |a Z0  |b TXA 
999 f f |s 19fe3508-b1e1-3b2b-a277-1ca5cfe31a14  |i fca4d43a-7759-3701-af0c-8d8e5ff647ea  |t 0 
952 f f |p ric  |a Texas A&M University  |b Rellis Campus  |c Joint Library Facility  |d Remote Storage  |t 0  |e HD1923 .T73 1987  |h Library of Congress classification  |i unmediated -- volume  |m A14812609168 
998 f f |a HD1923 .T73 1987  |t 0  |l Remote Storage